A user's guide to vacuum technology /
Guardado en:
| Autor Principal: | |
|---|---|
| Formato: | Libro |
| Idioma: | English |
| Publicado: |
New York :
Wiley,
c1980.
|
| Materias: | |
| Etiquetas: |
Agregar Etiqueta
Sin Etiquetas, Sea el primero en etiquetar este registro!
|
| LEADER | 00757pam a22002175a 4500 | ||
|---|---|---|---|
| 001 | EIQ.libpla001296 | ||
| 008 | 800306s1980####nyua#####bf###001#0#eng#d | ||
| 005 | 20061213165821.0 | ||
| 245 | 1 | 2 | |a A user's guide to vacuum technology / |c John F. O'Hanlon. |
| 260 | |a New York : |b Wiley, |c c1980. | ||
| 300 | |a xiii, 402 p. : |b il. ; |c 24 cm. | ||
| 500 | |a "A Wiley-Interscience publication." | ||
| 504 | |a Incluye referencias bibliográficas e índice. | ||
| 020 | |a 0471016241 | ||
| 100 | 1 | |a O'Hanlon, John F., |d 1937- | |
| 082 | 0 | 0 | |a 621.5/5 |
| 650 | 4 | |a Tecnología del vacío |x Handbooks, manuales, etc. | |
| 650 | 0 | |a Vacuum technology |x Handbooks, manuals, etc. | |
| 010 | |a 80012589 | ||
| 040 | |a DLC |c DLC |d AR-BbSID | ||
| 859 | |a AR-BbSID |b BIB. PLAPIQUI |h 621.55 |i Oh 1 |p 1514 | ||
